00398nam a2200145Ia 4500008004100000020001800041041000800059082001700067100001700084245003700101250000600138260006500144300001200209650003100221210716s2014 xx 000 0 und d a9789351107439 aeng a658.314 SHAS aSharan, S B. aReadings in behavioral dynamics. a1 aNew DelhibShroff Publishers and Distributors Pvt Ltdc2014 axiv,145 aHuman Resource Development